Statystyki dla Jak ma na imię ten piłkarz? #1

Kliknij tutaj aby rozwiązać quiz!

Ogólne statystyki

  • Ten quiz został rozwiązany 1 318 razy
  • Średni wynik to 35 z 49

Statystyki odpowiedzi

NazwiskoImię% Poprawnych
RonaldoCristiano
96%
IbrahimovićZlatan
95%
MessiLionel
93%
ReusMarco
90%
GotzeMario
90%
SalahMohamed
89%
LlorisHugo
88%
OzilMesut
88%
CanEmre
87%
KanteN'Golo
86%
MorataAlvaro
82%
LukakuRomelu
82%
KhediraSami
82%
CavaniEdinson
81%
BellerinHector
80%
DepayMemphis
80%
WitselAxel
79%
BuffonGianluigi
79%
SaneLeroy
75%
JovicLuka
75%
AlderweireldToby
75%
BrandtJulian
74%
XhakaGranit
72%
LallanaAdam
71%
SterlingRaheem
71%
MatuidiBlaise
70%
PjanicMiralem
70%
DembeleOusmane
70%
KądziorDamian
69%
KariusLoris
69%
AubameyangPierre emerick
69%
OrigiDivock
68%
CalhanogluHakan
68%
SonHueng min
68%
LingardJesse
68%
CanceloJoao
68%
MatipJoel
67%
KagawaShinji
67%
HerreraAnder
64%
KovacicMateo
64%
CourtoisThibaut
61%
SissokoMoussa
59%
RobertsonAndrew
55%
KimpembePresnel
52%
ShaqiriXherdan
48%
TolissoCorentin
47%
de LigtMatthijs
46%
Loftus - CheekRuben
39%
BakayokoTiemoue
31%

Rozkład punktacji

Percentyl według liczby udzielonych odpowiedzi

Procent ludzi z każdym wynikiem

Twoja historia wyników

Nie rozwiązałeś tego quizu